000 00794nam a22002777a 4500
001 BR6400256
003 BR-BrBNA
005 20230928083418.0
007 ta
008 230509b bl.||||| |||| 00| 0 por d
040 _aBR-BrBNA
_bpor
_cBiblioteca Nacional de Agricultura
041 _a(Por)
072 _aH70
_b0120
_b1410
_b4020
090 _ 0120 BR6400256
100 1 _aKohay, L.F.
110 1 _aAssociacao Nordestina de Credito e Assistencia Rural do Ceara, Fortaleza (Brasil)
245 1 _aConservacao do milho e feijao armazenados
260 3 _aFortaleza, CE (Brasil):
_c1964.
300 _a22 p.
650 _aMILHO
650 _aFEIJAO
650 _aARMAZENAMENTO DE ALIMENTO
650 _aPRESERVACAO DE ALIMENTO
909 _a202309
_bLucia
_c55
_dLucia Elande
942 _cBK
999 _c13325
_d13325